Aktuálne trendy, výzvy a bariéry financovania tretieho sektora v podmienkach dlhovej krízy
Príspevok poukazuje na aktivity tretieho sektora v podmienkach súčasnej dlhovej krízy so zameraním na trendy jeho financovania, naliehavé otázky, problémy a bariéry zabezpečovania finančného krytia pri napĺňaní ich primárneho poslania.
Gespeichert in:
| 1. Verfasser: | |
|---|---|
| Format: | Buchkapitel |
| Sprache: | Slowakisch |
| Schlagworte: | |
| Tags: |
Keine Tags, Fügen Sie das erste Tag hinzu!
|
MARC
| LEADER | 00000nla$a2200000$$$4500 | ||
|---|---|---|---|
| 001 | 0146508 | ||
| 005 | 20240617094655.6 | ||
| 041 | 0 | |a slo | |
| 044 | |a SK | ||
| 245 | 1 | 0 | |a Aktuálne trendy, výzvy a bariéry financovania tretieho sektora v podmienkach dlhovej krízy |c Dagmar Bednáriková |
| 520 | |a Príspevok poukazuje na aktivity tretieho sektora v podmienkach súčasnej dlhovej krízy so zameraním na trendy jeho financovania, naliehavé otázky, problémy a bariéry zabezpečovania finančného krytia pri napĺňaní ich primárneho poslania. | ||
| 610 | 2 | 0 | |a organizácie neziskové |
| 610 | 2 | 0 | |a financovanie |
| 610 | 2 | 0 | |a kríza |
| 610 | 2 | 0 | |a dlhy |
| 100 | 1 | |a Bednáriková, Dagmar | |